000 00608nam a2200193Ia 4500
003 GCL
008 140319s9999 xx 000 0 ara d
040 _aGCL /
_cGCL
082 0 4 _aط
_b001.2
_bج م
100 1 _aجمال مشعل
245 1 0 _aموسوعة الاوائل المبسطة /
_cجمال مشعل
260 _aالقاهرة :
_bدار اليقين للنشر والتوزيع
300 _a283 ص ؛
_c24 سم
650 0 4 _aالتثقيف الذاتى
650 0 4 _aالثقافة الذاتية
650 0 4 _aالمعرفة
650 0 4 _aالمعارف العامة
942 _2ddc
_cBK
999 _c27612
_d27612